| Поле | Название | Значение |
| |
Тип записи |
a |
| |
Библиографический уровень |
m |
| 001 |
Контрольный номер |
5cb10289b0e645bb822b560dd853d528 |
| 005 |
Дата корректировки |
20230112125154.0 |
| 010 |
Индекс ISBN |
__ |
| a |
ISBN |
978-5-907428-12-6 |
| b |
Уточнения |
в пер. |
| 9 |
Тираж |
3000 экз. |
| d |
Цена |
1363-64 |
| 100 |
Данные общей обработки |
__ |
| a |
Данные общей обработки |
20221027d2022 aemy0rusy028902 ca |
| 101 |
Язык документа |
1_ |
| a |
Язык текста |
rus |
| c |
Язык оригинала |
eng |
| 102 |
Страна публикации |
__ |
| a |
Страна публикации |
RU |
| 105 |
Кодированные данные (монография) |
__ |
| a |
Кодированные данные (монография) |
a z 000ay |
| 181 |
Поле кодированных данных: вид содержания |
_0 |
| a |
Код вида содержания (ISBD) |
i |
| 182 |
Поле кодированных данных: тип средства |
_0 |
| a |
Код типа средства (ISBD) |
n |
| 200 |
Заглавие и сведения об ответственности |
1_ |
| a |
Заглавие |
Собаки. Письма на заметку |
| f |
Первые сведения об ответственности |
составитель Шон Ашер |
| g |
Последующие сведения об ответственности |
перевод с английского Юрия Мачкасова |
| 203 |
Вид содержания и тип средства |
__ |
| c |
Тип средства |
непосредственный |
| a |
Вид содержания |
Текст |
| 210 |
Выходные данные |
1_ |
| a |
Место издания |
Москва |
| c |
Издательство |
Лайвбук |
| d |
Дата издания |
2022 |
| 215 |
Физическое описание |
__ |
| a |
Объем |
204, [1] с. |
| d |
Формат |
17 см |
| 225 |
Серия |
2_ |
| a |
Серия |
Письма на заметку |
| 225 |
Серия |
2_ |
| a |
Серия |
Коллекция писем легендарных людей |
| 330 |
Аннотация |
__ |
| a |
Аннотация |
Том "Собаки" серии "Письма на заметку" станет настоящим сокровищем для всех, кто любит четвероногих друзей. В него вошли письма Льюиса Кэролла, Роальда Даля, Петрарки, Джорджа Буша-старшего, Марселя Пруста и других легендарных людей, посвященные собакам: написанные к ним, о них и даже за них. Составитель книги Шон Ашер - коллекционер и охотник за самыми интересными письмами со всего мира. Его сайт lettersofnote невероятно популярен: каждую неделю его посещает более 1,5 млн человек, а среди фанатов числятся Стивен Фрай, Кейтлин Моран и Ник Хорнби. |
| 333 |
Примечание о целевом назначении |
__ |
| a |
Примечание о целевом назначении |
16+. Для детей старше 16 лет |
| 454 |
Оригинал |
_0 |
| 1 |
|
2001 |
| a |
|
Dogs. Letters of Note |
| 606 |
Тематические рубрики |
__ |
| 2 |
Код системы |
nlr_sh |
| a |
Основная рубрика |
Художественная литература |
| 606 |
Тематические рубрики |
__ |
| 2 |
Код системы |
nlr_sh |
| a |
Основная рубрика |
Мировая литература |
| 610 |
Ключевые слова |
1_ |
| a |
Ключевые слова |
письма |
| 610 |
Ключевые слова |
0_ |
| a |
Ключевые слова |
переписка |
| 610 |
Ключевые слова |
0_ |
| a |
Ключевые слова |
эпистолярная литература |
| 610 |
Ключевые слова |
0_ |
| a |
Ключевые слова |
исторические личности |
| 610 |
Ключевые слова |
0_ |
| a |
Ключевые слова |
выдающиеся личности |
| 610 |
Ключевые слова |
0_ |
| a |
Ключевые слова |
знаменитые личности |
| 610 |
Ключевые слова |
0_ |
| a |
Ключевые слова |
интересные факты |
| 610 |
Ключевые слова |
0_ |
| a |
Ключевые слова |
личная жизнь |
| 610 |
Ключевые слова |
0_ |
| a |
Ключевые слова |
собаки |
| 610 |
Ключевые слова |
0_ |
| a |
Ключевые слова |
тема собак |
| 686 |
Индексы других классификаций |
__ |
| 2 |
Код системы |
rubbks |
| a |
Классификационный индекс |
84(0)-49; ст84(0)-4 |
| 702 |
Вторичная интеллектуальная ответственность |
_1 |
| a |
Фамилия |
Ашер |
| b |
Имя |
Ш. |
| g |
Полное личное имя |
Шон |
| 4 |
Код отношения |
220 |
| 702 |
Вторичная интеллектуальная ответственность |
_1 |
| a |
Фамилия |
Мачкасов |
| b |
Имя |
Ю. |
| g |
Полное личное имя |
Юрий |
| 4 |
Код отношения |
730 |
| 801 |
Источник записи |
_0 |
| b |
Организация |
Муниципальное бюджетное учреждение культуры "Централизованная библиотечная система" г. Сургут (Центральная городская библиотека им. А. С. Пушкина) |
| a |
Страна |
RU |
| c |
Дата составления |
20221027 |
| g |
Правила каталогизации |
PSBO |
| 801 |
Источник записи |
_1 |
| b |
Организация |
Муниципальное бюджетное учреждение культуры "Централизованная библиотечная система" г. Сургут (Центральная городская библиотека им. А. С. Пушкина) |
| a |
Страна |
RU |
| c |
Дата составления |
20221027 |
| g |
Правила каталогизации |
PSBO |
| 852 |
Данные о местонахождении |
__ |
| i |
Авторский знак |
С 54 |
| j |
Шифр хранения |
84(0)-49 |
| 900 |
Макрообъекты |
__ |
| a |
Макрообъекты |
Собаки. Письма на заметку, 2022 |
| 901 |
Тип документа |
__ |
| a |
Ответственный |
КиК/Лукашук |
| t |
Тип документа |
m |
| 903 |
Характеристики (МАРС) |
__ |
| a |
Дата передачи |
20221027 |
| c |
Наименование библиотеки (МАРС) |
Муниципальное бюджетное учреждение культуры "Централизованная библиотечная система" г. Сургут (Центральная городская библиотека им. А. С. Пушкина) |
| 990 |
Данные о заказе (DOS) |
__ |
| j |
Количество экземпляров (DOS) |
4 |
| t |
N записи в КСУ для И/У (DOS) |
202211 |